| 000 | 00387nam a22001337a 4500 | ||
|---|---|---|---|
| 003 | SGT | ||
| 082 |
_a617.525 _bA14S |
||
| 100 | _aRAJESH, SARDANA | ||
| 245 | _aA COMPARITVE ANALYSIS OF 3D (CONE BEAM CT) Vs 2D CONVENTIONAL IMAGING MODALITY IN MAXILLOFACIAL TRAUMA | ||
| 260 |
_aDELHI NCR _bSGT UNIVERSITY GURUGRAM _c2014 |
||
| 300 | _a1-70 | ||
| 650 | _aORAL SURGERY | ||
| 942 |
_2ddc _cTH |
||
| 999 |
_c16182 _d16182 |
||